A very young rider /

A ten-year-old girl relates her experiences as she and her pony train and prepare for riding competitions.

Bibliographic Details
Main Author: Krementz, Jill
Format: Book
Language:English
Subjects:

MARC

Tag First Indicator Second Indicator Subfields
LEADER 00000pam a2200000 a 4500
001 in00000087916
005 20151008063050.0
008 770520s1977 nyua j 00010bengm
010 |a  77074996  
020 |a 0394410920 :  |c $8.95 
035 |a (OCoLC)03034115 
035 |9 AAK1513AM 
040 |a DLC  |c DLC  |d m.c.  |d TXA  |d UtOrBLW 
049 |a [Curr Col] TXAM  |c [388547] 
050 0 0 |a SF294.7  |b  K73 1977 
082 0 |a 798/.23 
090 |a SF294.7  |b  K73 1980 
100 1 |a Krementz, Jill. 
245 1 2 |a A very young rider /  |c written and photographed by Jill Krementz. 
264 2 |a New York :  |b Knopf : distributed by Random House,  |c 1977 
264 3 |c  1980 printing 
300 |a approximately 125 pages :  |b illustrations ;  |c 31 cm. 
336 |a text  |b txt  |2 rdacontent 
337 |a unmediated  |b n  |2 rdamedia 
338 |a volume  |b nc  |2 rdacarrier 
520 |a A ten-year-old girl relates her experiences as she and her pony train and prepare for riding competitions. 
600 1 0 |a Malloy, Vivi  |x Juvenile literature. 
650 0 |a Horse shows  |x Juvenile literature. 
650 0 |a Show riding  |x Juvenile literature. 
650 0 |a Ponies  |v Juvenile literature. 
650 1 |a Show riding. 
650 1 |a Horses. 
999 |a MARS 
999 f f |s d8f62916-6d0f-387d-b3ce-578afae4953f  |i 18ed7d33-3a68-36e0-8e84-41d5469a2143  |t 0 
952 f f |p ric  |a Texas A&M University  |b Rellis Campus  |c Joint Library Facility  |d Remote Storage  |t 0  |e SF294.7 K73 1980  |h Library of Congress classification  |i unmediated -- volume  |m A14805974659 
998 f f |a SF294.7 K73 1980  |t 0  |l Remote Storage